[Event "Lanzarote op"]
[Site "Lanzarote"]
[Date "2019.06.30"]
[Round "9"]
[White "Perez Cejudo, Carmelo"]
[Black "Garcia Blanco, Omar"]
[Result "0-1"]
[WhiteElo "1920"]
[BlackElo "2304"]
[PlyCount "98"]
[EventDate "2019.06.24"]
[EventType "swiss"]
[EventRounds "9"]
[EventCountry "ESP"]
[SourceTitle "CBM 191 Extra"]
[Source "ChessBase"]
[SourceDate "2019.09.30"]
[SourceVersion "1"]
[SourceVersionDate "2019.09.30"]
[SourceQuality "1"]

1. c4 e5 2. g3 Nc6 3. Nc3 Bc5 4. Bg2 d6 5. e3 a6 6. Nge2 Ba7 7. 0-0 h5 8. d4 h4 9. Nd5 Nf6 10. b4 Kf8 11. b5 axb5 12. cxb5 Nxd5 13. Bxd5 Ne7 14. Bg2 Ng6 15. Bb2 Qe7 16. a4 Qg5 17. Qc2 hxg3 18. hxg3 Qh5 19. Rfc1 Bg4 20. Kf1 exd4 21. Bxd4 Bh3 22. Ng1 Bxg2+ 23. Kxg2 Bxd4 24. exd4 Qh1+ 25. Kf1 Rh2 26. Ke2 Qd5 27. Ra3 Qxd4 28. Re3 Ne5 29. Qe4 Qxa4 30. Qxa4 Rxa4 31. Rc2 Rb4 32. Nf3 Nxf3 33. Kxf3 Rxb5 34. Rxc7 g6 35. Re2 Rf5+ 36. Ke3 b5 37. Rd7 d5 38. Ra2 Rh1 39. Ke2 Re5+ 40. Kf3 Rd1 41. g4 Re6 42. Rb2 Rf6+ 43. Ke2 Rd4 44. f3 b4 45. Rb7 Rff4 46. Rb3 Kg7 47. Re3 Rc4 48. Ree7 Rc2+ 49. Ke3 g5 0-1

[Event "Lanzarote op 2nd"]
[Site "Arrecife de Lanzarote"]
[Date "2018.06.27"]
[Round "5.14"]
[White "Macias Reyes, Jose Luis"]
[Black "Perez Cejudo, Carmelo"]
[Result "0-1"]
[WhiteElo "1596"]
[BlackElo "1944"]
[PlyCount "95"]
[EventDate "2018.06.25"]
[EventType "swiss"]
[EventRounds "9"]
[EventCountry "ESP"]
[SourceTitle "EXT 2024"]
[Source "ChessBase"]
[SourceDate "2023.10.10"]
[SourceVersion "1"]
[SourceVersionDate "2023.10.10"]
[SourceQuality "1"]

1. d4 Nf6 2. Bf4 g6 3. Nf3 Bg7 4. e3 0-0 5. Be2 d6 6. 0-0 Nbd7 7. h3 b6 8. a4 Bb7 9. a5 c5 10. a6 Bc6 11. c3 Rc8 12. Na3 c4 13. Bxc4 Ba8 14. Be2 Nb8 15. Nb5 Qd7 16. Bh2 Nc6 17. Nd2 Na5 18. f3 Nd5 19. Kf2 Bh6 20. f4 Nc6 21. c4 Nf6 22. d5 Nd8 23. e4 e5 24. fxe5 dxe5 25. Bd3 Re8 26. Kg1 Nh5 27. b3 Nf4 28. Bxf4 Bxf4 29. Ra2 f6 30. Qg4 Qxg4 31. hxg4 Re7 32. Rf3 Nf7 33. g3 Bg5 34. Rf1 Kg7 35. Nf3 Be3+ 36. Kg2 Nh6 37. Kh3 Nf7 38. Kh4 Rh8 39. Re2 h5 40. Rxe3 hxg4+ 41. Kxg4 Nh6+ 42. Kh3 Nf5+ 43. Nh4 Nxe3 44. Re1 Nxd5 45. cxd5 g5 46. Rg1 f5 47. Kg2 gxh4 48. gxh4 0-1